| 000 | 00400nam a22001697a 4500 | ||
|---|---|---|---|
| 003 | OSt | ||
| 008 | 250818b |||||||| |||| 00| 0 eng d | ||
| 020 | _a9789390575091 | ||
| 082 | _a823.7 AUP | ||
| 100 | _aAUSTEN, Jane | ||
| 245 | _aPride and Prejudice | ||
| 250 | _a1st. ed., | ||
| 260 |
_aMumbai, _bSanage Publishing House, _c2020, |
||
| 300 | _a403 p. | ||
| 650 | _aEnglish | ||
| 942 |
_2ddc _cBK |
||
| 999 |
_c13704 _d13704 |
||